[Event "Hamburg CC Easter op 3rd"]
[Site "Hamburg"]
[Date "2017.04.16"]
[Round "6"]
[White "Nyenhuis, Yannek"]
[Black "Ringe, Christian"]
[Result "0-1"]
[WhiteElo "1637"]
[BlackElo "1938"]
[PlyCount "80"]
[EventDate "2017.04.14"]
[EventType "swiss"]
[EventRounds "7"]
[EventCountry "GER"]
[SourceTitle "EXT 2020"]
[Source "ChessBase"]
[SourceDate "2019.10.17"]
[SourceVersion "1"]
[SourceVersionDate "2019.10.17"]
[SourceQuality "1"]

1. d4 d5 2. Bf4 Nf6 3. e3 e6 4. c3 c5 5. Nd2 Be7 6. Ngf3 0-0 7. Bd3 Nc6 8. Ne5 Bd6 9. h4 Qc7 10. Ndf3 Ne4 11. Qc2 f5 12. h5 c4 13. Be2 Nf6 14. b3 cxb3 15. axb3 Nd7 16. Nxd7 Bxd7 17. Bxd6 Qxd6 18. c4 Qb4+ 19. Nd2 Qe7 20. Nf3 Rfc8 21. Qd2 b6 22. Rb1 a5 23. Ne5 Nxe5 24. dxe5 Bc6 25. 0-0 Rd8 26. Qc3 Rac8 27. Qd4 Qb7 28. c5 bxc5 29. Qxc5 d4 30. Qxa5 Ra8 31. Qd2 Bxg2 32. Rfc1 Be4 33. Rb2 d3 34. Bf1 Qe7 35. f4 Qh4 36. Bg2 Qg3 37. Qf2 d2 38. Rd1 Qg4 39. Rbxd2 Rxd2 40. Qxd2 Bxg2 0-1